000 00314nam a2200133 i 4500
001 bg
100 1 _aJERSCHINA, Jan
245 0 _aNaród w świadomości młodzieży /
_cJan Jerschina.
260 _aKraków,
_c1978.
040 _cBPK
041 _apol
942 _cKS
008 s pl f |000 0 pol
999 _c21388
_d21388
856 _uhttp://koha.tu.koszalin.pl/cgi-bin/koha/opac-detail.pl?biblionumber=21388
_yKatalog online BPK